| 000 | 00564nam a2200193Ia 4500 | ||
|---|---|---|---|
| 005 | 20260114185838.0 | ||
| 008 | 008 260114s9999 xx 000 0 eng d | ||
| 020 | _a9781628927924 | ||
| 037 | _aEBOOK | ||
| 040 |
_aCRL _beng _cCRL |
||
| 041 |
_aeng _2eng |
||
| 084 | _qCRL | ||
| 100 |
_aMark Nunes _9875112 |
||
| 245 | 0 | _aError: Glitch, Noise, and Jam in New Media Cultures | |
| 260 |
_bBloomsbury _c2010 |
||
| 856 | _uhttps://doi.org/10.5040/9781628927924?locatt=label:secondary_bloomsburyCollections | ||
| 942 | _cEBOOK | ||
| 999 |
_c1474046 _d1474046 |
||